000 00590nam a2200145Ia 4500
008 231221s9999 xx 000 0 und d
020 _a978-1-84628-251-5
041 _aEnglish
100 _aJohn C. Eidson
245 0 _aMeasurement, Control, and Communication Using IEEE 1588
260 _c2006
_bSpringer London
_aNew York
440 _aAdvances in Industrial Control
650 _aCommunications Engineering, Networks; Computer Communication Networks; Computer Systems Organization and Communication Networks; Engineering Design; Control Structures and Microprogramming
942 _cEB
999 _c227190
_d227190